| 000 | 01093nam a22003497a 4500 | ||
|---|---|---|---|
| 003 | CHAP | ||
| 005 | 20220329135450.0 | ||
| 008 | 971013s1975 mx a r 00010 spa d | ||
| 010 | _a36959 | ||
| 011 | _a37931 | ||
| 035 | _a42051 | ||
| 040 | _cCHAP | ||
| 082 | 0 | 4 |
_a574.191 _bP3Y |
| 100 | 0 | 0 |
_aParker, Gary E. _985586 |
| 245 | 1 |
_aBiomoléculas _b: base de la vida |
|
| 260 |
_aMéxico : _bLimusa, _c1975 |
||
| 300 |
_a179 p. _b: ilus. |
||
| 490 | _aSerie instrucción programada | ||
| 590 |
_aBATCH-UPD _b10 _c20130110 _lUCH01 _h0001 |
||
| 590 |
_aBATCH-UPD _b10 _c20130110 _lUCH01 _h1811 |
||
| 590 |
_aBATCH-UPD _b10 _c20130409 _lUCH01 _h1935 |
||
| 590 |
_aBATCH-UPD _b10 _c20130410 _lUCH01 _h1146 |
||
| 590 |
_aBATCH-UPD _b10 _c20130914 _lUCH01 _h0631 |
||
| 590 |
_aCONVERSION _b10 _c20130109 _lUCH01 _h1321 |
||
| 650 | 1 | 4 |
_aBiofísica. _912735 |
| 650 | 1 | 4 |
_aMoléculas. _977443 |
| 700 | 0 |
_aMartens, Thomas R. _971633 |
|
| 830 | 0 |
_aSerie instrucción programada _9104923 |
|
| 901 | _aBK | ||
| 942 | _cLIBRO | ||
| 949 |
_a574.191 P3Y _bBC _cLIBRO _d33724000387304 _eLIBRO _fc.2 _h9812 _i42051 _si _t60.00 |
||
| 999 |
_c36959 _d36959 |
||